LEADER 01286nam 22003255u 450 001 996566862803316 005 20240219060250.0 035 $a(CKB)29229822600041 035 $a(Association for Computing Machinery)10.1145/3624918 035 $a(EXLCZ)9929229822600041 100 $a20231126h2023 f|| 0 101 0 $a||| 135 $aur||||||||||| 200 00$aProceedings of the Annual International ACM SIGIR Conference on Research and Development in Information Retrieval in the Asia Pacific Region /$fEdited by Qingyao Ai, Yiqin Liu, Alistair Moffat, Xuanjing Huang, Tetsuya Sakai, Justin Zobel 210 $cAssociation for Computing Machinery$d2023 215 $a1 online resource (324 p.;) 225 1 $aACM Conferences 311 08$a9798400704086 410 0$aACM Conferences 517 3 $aSIGIR-AP '23 701 $aAi$b Qingyao$01738445 701 $aLiu$b Yiqin$01738446 701 $aMoffat$b Alistair$067746 701 $aHuang$b Xuanjing$01738447 701 $aSakai$b Tetsuya$0859931 701 $aZobel$b Justin$0763323 906 $aBOOK 912 $a996566862803316 996 $aProceedings of the Annual International ACM SIGIR Conference on Research and Development in Information Retrieval in the Asia Pacific Region$94160738 997 $aUNISA LEADER 03538nam 2200745Ia 450 001 9910958610203321 005 20200520144314.0 010 $a9786612360213 010 $a9781282360211 010 $a1282360213 010 $a9780520940581 010 $a052094058X 024 7 $a10.1525/9780520940581 035 $a(CKB)2430000000010948 035 $a(EBL)837235 035 $a(OCoLC)773564963 035 $a(SSID)ssj0000296353 035 $a(PQKBManifestationID)11223164 035 $a(PQKBTitleCode)TC0000296353 035 $a(PQKBWorkID)10323213 035 $a(PQKB)10579297 035 $a(MiAaPQ)EBC837235 035 $a(OCoLC)667011742 035 $a(MdBmJHUP)muse30916 035 $a(DE-B1597)518688 035 $a(DE-B1597)9780520940581 035 $a(Au-PeEL)EBL837235 035 $a(CaPaEBR)ebr10675717 035 $a(CaONFJC)MIL236021 035 $a(dli)HEB08056 035 $a(MiU)MIU01000000000000009835350 035 $a(Perlego)2319886 035 $a(EXLCZ)992430000000010948 100 $a20071022d2008 ub 0 101 0 $aeng 135 $aur|n|---||||| 181 $ctxt 182 $cc 183 $acr 200 10$aFight pictures $ea history of boxing and early cinema /$fDan Streible 205 $a1st ed. 210 $aBerkeley $cUniversity of California Press$dc2008 215 $a1 online resource (418 p.) 300 $aDescription based upon print version of record. 311 08$a9780520250758 311 08$a0520250753 311 08$a9780520250741 311 08$a0520250745 320 $aIncludes bibliographical references (p. 305-367) and index. 320 $aIncludes filmography: p. 291-303. 327 $tFrontmatter -- $tContents -- $tIllustrations -- $tForeword -- $tAcknowledgments -- $tChronology -- $tPreliminaries: History, Prizefighting, Early Cinema -- $t1. The Sporting and Theatrical Syndicate: Boxing Pictures and the Origins of Cinema, 1891-1896 -- $t2. The Corbett-Fitzsimmons Fight: Women at the Veriscope, 1897 -- $t3. Under the Lights: Filming Ringside in the Jim Jeffries Era, 1899-1904 -- $t4. Fake Fight Films: S. Lubin of Philadelphia, 1897-1908 -- $t5. Fight Pictures in the Nickelodeon Era: Miles Bros. of New York & San Francisco, 1905-1912 -- $t6. Jack Johnson Films: Black Exhibition and White Suppression, 1908-1910 -- $t7. Jack Johnson's Decline: The Prizefight Film Ban, 1911-1915 -- $t8. Bootlegging The Clandestine Traffic in Fight Pictures, 1916-1940 -- $tFilmography -- $tNotes -- $tIndex 330 $aThe first filmed prizefight, Veriscope's Corbett-Fitzsimmons Fight (1897) became one of cinema's first major attractions, ushering in an era in which hugely successful boxing films helped transform a stigmatized sport into legitimate entertainment. Exploring a significant and fascinating period in the development of modern sports and media, Fight Pictures is the first work to chronicle the mostly forgotten story of how legitimate bouts, fake fights, comic sparring matches, and more came to silent-era screens and became part of American popular culture. 606 $aBoxing films$zUnited States$xHistory and criticism 606 $aMotion pictures$xHistory 615 0$aBoxing films$xHistory and criticism. 615 0$aMotion pictures$xHistory. 676 $a791.43/6579 700 $aStreible$b Dan$0973318 801 0$bMiAaPQ 801 1$bMiAaPQ 801 2$bMiAaPQ 906 $aBOOK 912 $a9910958610203321 996 $aFight pictures$92320196 997 $aUNINA